Normal view MARC view
  • Türkiye Denizcilik İşletmeleri

Entry Corporate Name

Number of records used in: 1

001 - CONTROL NUMBER

  • control field: 151842

003 - CONTROL NUMBER IDENTIFIER

  • control field: TR-AnTOB

005 - DATE AND TIME OF LATEST TRANSACTION

  • control field: 20260115105815.0

008 - FIXED-LENGTH DATA ELEMENTS

  • fixed length control field: 961115n| acannaab| |n ana

010 ## - LIBRARY OF CONGRESS CONTROL NUMBER

  • LC control number: n 96902500

040 ## - CATALOGING SOURCE

  • Original cataloging agency: DLC
  • Language of cataloging: eng
  • Description conventions: rda
  • Transcribing agency: DLC
  • Modifying agency: TR-AnTOB

110 20 - HEADING--CORPORATE NAME

  • Corporate name or jurisdiction name as entry element: Türkiye Denizcilik İşletmeleri

670 ## - SOURCE DATA FOUND

  • Source citation: Türk deniz ticareti ve Türkiye Denizcilik İşletmeleri tarihçesi, 1994:
  • Information found: v. 1, t.p. (Türkiye Denizcilik İşletmeleri)
Devinim Yazılım Eğitim Danışmanlık tarafından Koha'nın orjinal sürümü uyarlanarak geliştirilip kurulmuştur.